Beware.. The South London Lover Boy. - RAYE (Lyrics) - Statistics

General Stats
  • This quiz has been taken 11 times
  • The average score is 295 of 403
Answer Stats
Answer % Correct
a
100%
be
100%
boy
100%
he
100%
He's
100%
he's
100%
I
100%
London
100%
lover
100%
out
100%
so
100%
so,
100%
South
100%
stay
100%
Stay
100%
the
100%
The
100%
There
100%
there
100%
there,
100%
to
100%
where
100%
you
100%
you,
100%
beast
89%
Best
89%
best
89%
Beware,
89%
beware
89%
Beware
89%
car
89%
Deep
89%
find
89%
for
89%
For
89%
Girls,
89%
girls
89%
girls,
89%
his
89%
home
89%
in
89%
In
89%
looking
89%
me
89%
not
89%
of
89%
safe
89%
too
89%
your
89%
alone,
78%
creature
78%
Do-
78%
heart
78%
heart,
78%
it
78%
just
78%
know
78%
pillow
78%
prepared
78%
prepared,
78%
strange
78%
when
78%
window
78%
you're
78%
an
67%
and
67%
And
67%
black
67%
doorstep
67%
Especially
67%
head
67%
is
67%
lips
67%
lives
67%
rest
67%
scary
67%
squeeze
67%
all-
56%
arse
56%
as
56%
concrete
56%
grab
56%
hanging
56%
He'll
56%
it's
56%
its
56%
It's
56%
jungle
56%
like
56%
mean
56%
off
56%
oh
56%
Or
56%
poems
56%
sing
56%
up
56%
wary
56%
wary,
56%
we
56%
(yeah)
56%
Yeah,
56%
yeah,
56%
yeah
56%
after
44%
Before
44%
But
44%
charismatic
44%
dark
44%
doing
44%
feels
44%
kind
44%
kiss
44%
kiss,
44%
on
44%
reading
44%
Spliff
44%
story
44%
streets
44%
there's
44%
They'll
44%
this
44%
Alright,
33%
another
33%
antagonise
33%
Bike
33%
call
33%
don't
33%
ego
33%
from
33%
hunts
33%
if
33%
If
33%
I'm
33%
Lime
33%
need
33%
pull
33%
repeat
33%
says:
33%
she
33%
side
33%
start
33%
talks
33%
toxic
33%
walking
33%
work
33%
a-lurking
22%
calm
22%
care
22%
dangerous
22%
early
22%
fragile
22%
house,
22%
kinda
22%
leans
22%
lethal
22%
needs
22%
that
22%
these
22%
wherever
22%
woman,
22%
aimless
11%
by
11%
darling
11%
else
11%
first
11%
listening
11%
may
11%
offend
11%
outcome
11%
pretty
11%
road
11%
thing
11%
think
11%
chance
0%
could
0%
finds
0%
polite,
0%
T-take
0%
Uh-uh-uh,
0%
Well,
0%
whistle
0%
No matching quizzes found
Score Distribution
Percent of People with Each Score
Percentile by Number Answered
Your Score History
You have not taken this quiz